000 00272nam a22001217a 4500
008 170907b xxu||||| |||| 00| 0 eng d
041 _aeng
080 _a721
100 _a41
101 _aNDE
245 _aCONCISE ENCYCLOPEDIA INTERIOT
_cDIZIK/A A
942 _2udc
_cBK
999 _c26686
_d26686